Caballo de Troya / (Registro nro. 30889)

Detalles MARC
000 -LEADER
fixed length control field 00556nam a22001937a 4500
003 - CONTROL NUMBER IDENTIFIER
control field OSt
005 - DATE AND TIME OF LATEST TRANSACTION
control field 20250729103838.0
008 - FIXED-LENGTH DATA ELEMENTS--GENERAL INFORMATION
fixed length control field 241126b |||||||| |||| 00| 0 spa d
020 ## - INTERNATIONAL STANDARD BOOK NUMBER
International Standard Book Number 9586023524
037 ## - SOURCE OF ACQUISITION
Source of stock number/acquisition Donación
040 ## - CATALOGING SOURCE
Original cataloging agency CO-JMCR
Language of cataloging spa
Transcribing agency CO-JMCR
Modifying agency CO-JMCR
Description conventions rda
041 0# - LANGUAGE CODE
Language code of text/sound track or separate title spa
082 04 - DEWEY DECIMAL CLASSIFICATION NUMBER
Classification number A-N
Item number BENc1
Edition number 23
100 1# - MAIN ENTRY--PERSONAL NAME
Personal name Benítez, Juan José,
Dates associated with a name 1946-
9 (RLIN) 43918
245 10 - TITLE STATEMENT
Title Caballo de Troya /
Statement of responsibility, etc. Juan José Benítez.
260 ## - PUBLICATION, DISTRIBUTION, ETC.
Place of publication, distribution, etc. Bogotá D.C. :
Name of publisher, distributor, etc. Editorial Printer Colombiana :
Date of publication, distribution, etc. 1988.
300 ## - PHYSICAL DESCRIPTION
Extent 504 páginas :
Dimensions 20 cm.
942 ## - ADDED ENTRY ELEMENTS (KOHA)
Source of classification or shelving scheme Dewey Decimal Classification
Koha item type Books
Existencias
Withdrawn status Lost status Source of classification or shelving scheme Damaged status Not for loan Collection code Home library Current library Shelving location Date acquired Source of acquisition Total Checkouts Full call number Barcode Date last seen Date last checked out Copy number Price effective from Koha item type
    Dewey Decimal Classification     Non-fiction Biblioteca Pública José María del Castillo y Rada Biblioteca Pública José María del Castillo y Rada Book Cart 06/14/2023 Donación 1 A-N BENc 201811747 06/13/2025 06/12/2025 Ej.1 11/26/2024 Books